Resurfacing : (Запис № 543332)

МАРК-запис
000 -LEADER
fixed length control field 01367cam a2200313Ka 4500
001 - CONTROL NUMBER
control field resurfacingtechn00palm
003 - CONTROL NUMBER IDENTIFIER
control field CaSfIA
005 - DATE AND TIME OF LATEST TRANSACTION
control field 20210118215030.0
007 - PHYSICAL DESCRIPTION FIXED FIELD--GENERAL INFORMATION
fixed length control field cr||||
008 - FIXED-LENGTH DATA ELEMENTS--GENERAL INFORMATION
fixed length control field 990929s1997 flua 001 0 eng d
040 ## - CATALOGING SOURCE
Original cataloging agency UOK
Transcribing agency UOK
Modifying agency OCLCQ
-- NZAUC
-- BAKER
-- CaSfIA
020 ## - INTERNATIONAL STANDARD BOOK NUMBER
International Standard Book Number 0962687499
020 ## - INTERNATIONAL STANDARD BOOK NUMBER
International Standard Book Number 9780962687495
035 ## - SYSTEM CONTROL NUMBER
System control number (OCoLC)42455546
082 04 - DEWEY DECIMAL CLASSIFICATION NUMBER
Classification number 158.1
Edition number 21
082 04 - DEWEY DECIMAL CLASSIFICATION NUMBER
Classification number 153
Item number PALMER 1997
029 1# - (OCLC)
OCLC library identifier NZ1
System control number 5552612
100 1# - MAIN ENTRY--PERSONAL NAME
Personal name Palmer, Harry.
245 10 - TITLE STATEMENT
Title Resurfacing :
Medium [electronic resource]
Remainder of title techniques for exploring consciousness /
Statement of responsibility, etc by Harry Palmer.
260 ## - PUBLICATION, DISTRIBUTION, ETC. (IMPRINT)
Place of publication, distribution, etc Altamonte Springs, Fla. :
Name of publisher, distributor, etc Star's Edge International,
Date of publication, distribution, etc 1997.
300 ## - PHYSICAL DESCRIPTION
Extent xii, 164 p. :
Other physical details ill. ;
Dimensions 24 cm.
500 ## - GENERAL NOTE
General note Includes index.
506 ## - RESTRICTIONS ON ACCESS NOTE
Standardized terminology for access restriction Необхідна авторизація на https://archive.org/ (створення облікового запису безкоштовно)
506 ## - RESTRICTIONS ON ACCESS NOTE
Standardized terminology for access restriction Необхідна авторизація на https://openlibrary.org/ (створення облікового запису безкоштовно)
650 #0 - SUBJECT ADDED ENTRY--TOPICAL TERM
Topical term or geographic name as entry element Consciousness
Form subdivision Problems, exercises, etc.
856 41 - ELECTRONIC LOCATION AND ACCESS
Uniform Resource Identifier <a href="http://www.archive.org/details/resurfacingtechn00palm">http://www.archive.org/details/resurfacingtechn00palm</a>
Public note Free eBook from the Internet Archive
856 42 - ELECTRONIC LOCATION AND ACCESS
Uniform Resource Identifier <a href="http://www.openlibrary.org/books/OL8520279M">http://www.openlibrary.org/books/OL8520279M</a>
Public note Additional information and access via Open Library
942 ## - ADDED ENTRY ELEMENTS (KOHA)
Koha item type ЕКнига

Немає доступних примірників.